Биохимия: биологически активные вещества. Витамины, ферменты, гормоны учебное пособие для вузов
Учебное пособие составлено в соответствии с требованиями ФГОС ВО на основе рабочих программ по дисциплинам «Биохимия», «Биологическая химия», «Биологическая химия — биохимия полости рта». Настоящее учебное пособие предназначено для самостоятельной работы студентам всех факультетов медицинских вузов,...
محفوظ في:
| المؤلف الرئيسي: | |
|---|---|
| مؤلفون آخرون: | |
| التنسيق: | Книга |
| اللغة: | Russian |
| منشور في: |
Санкт-Петербург
Лань
2025
|
| الطبعة: | 4-е изд., стер. |
| الموضوعات: | |
| الوصول للمادة أونلاين: | https://e.lanbook.com/book/503421 https://e.lanbook.com/img/cover/book/503421.jpg |
| الوسوم: |
إضافة وسم
لا توجد وسوم, كن أول من يضع وسما على هذه التسجيلة!
|
| LEADER | 02576nam0a2200517 i 4500 | ||
|---|---|---|---|
| 001 | 503421 | ||
| 003 | RuSpLAN | ||
| 005 | 20250805094146.0 | ||
| 008 | 250805s2025 ru gs 000 0 rus | ||
| 020 | |a 978-5-507-53871-3 | ||
| 040 | |a RuSpLAN | ||
| 041 | 0 | |a rus | |
| 044 | |a ru | ||
| 080 | |a 577 | ||
| 084 | |a 28.072я73 |2 rubbk | ||
| 245 | 0 | 0 | |a Биохимия: биологически активные вещества. Витамины, ферменты, гормоны |b учебное пособие для вузов |c Брещенко Е. Е.,Мелконян К. И. |
| 250 | |a 4-е изд., стер. | ||
| 260 | |a Санкт-Петербург |b Лань |c 2025 | ||
| 300 | |a 136 с. | ||
| 504 | |a Библиогр.: доступна в карточке книги, на сайте ЭБС Лань | ||
| 520 | 8 | |a Учебное пособие составлено в соответствии с требованиями ФГОС ВО на основе рабочих программ по дисциплинам «Биохимия», «Биологическая химия», «Биологическая химия — биохимия полости рта». Настоящее учебное пособие предназначено для самостоятельной работы студентам всех факультетов медицинских вузов, изучающим биологическую химию. | |
| 521 | 8 | |a Книга из коллекции Лань - Медицина | |
| 653 | 0 | |a биохимия | |
| 653 | 0 | |a биологическая химия | |
| 653 | 0 | |a биологически активные вещества | |
| 653 | 0 | |a БАВ | |
| 653 | 0 | |a витаминология | |
| 653 | 0 | |a витамины | |
| 653 | 0 | |a энзимология | |
| 653 | 0 | |a ферменты | |
| 653 | 0 | |a энзимы | |
| 653 | 0 | |a катализ | |
| 653 | 0 | |a энзимопатии | |
| 653 | 0 | |a энзимодиагностика | |
| 653 | 0 | |a энзимотерапия | |
| 653 | 0 | |a ферментативные реакции | |
| 653 | 0 | |a эндокринология | |
| 653 | 0 | |a гормоны | |
| 653 | 0 | |a эндокринные железы | |
| 653 | 0 | |a железы внутренней секреции | |
| 653 | 0 | |a метаболизм | |
| 100 | 1 | |a Брещенко Е. Е. | |
| 700 | 1 | |a Мелконян К. И. | |
| 856 | 4 | |u https://e.lanbook.com/book/503421 | |
| 856 | 4 | 8 | |u https://e.lanbook.com/img/cover/book/503421.jpg |
| 953 | |a https://e.lanbook.com/img/cover/book/503421.jpg | ||